000
002930000a22000970004500
100
1
_a
Chung, S.W
245
1
0
_a
An ambivalent disciple : Barth's use of Calvoin in the Göttingen dogmatics
300
_a
Vol. 8, Núm 1 (1999), Páginas 61-78
773
0
_t
European Journal of Theology
942
_c
ANA
999
_c
54000
_d
54000